[Event "Fajr op 18th"]
[Site "Mashhad"]
[Date "2010.02.27"]
[Round "11"]
[White "Mousavi Ghods, Hossein"]
[Black "Boori, Javad"]
[Result "1/2-1/2"]
[WhiteElo "1898"]
[BlackElo "2116"]
[PlyCount "209"]
[EventDate "2010.02.20"]
[EventType "swiss"]
[EventRounds "11"]
[EventCountry "IRI"]
[SourceTitle "CBM 135 Extra"]
[Source "ChessBase"]
[SourceDate "2010.05.04"]
[SourceVersion "1"]
[SourceVersionDate "2010.05.04"]
[SourceQuality "1"]

1. d4 d5 2. c4 e6 3. Nc3 Nf6 4. Bg5 Be7 5. Nf3 0-0 6. e3 c6 7. Bd3 Nbd7 8. cxd5 exd5 9. Qc2 Re8 10. 0-0 Nf8 11. Rab1 Ne4 12. Bf4 Ng5 13. Nxg5 Bxg5 14. Bg3 Bh4 15. Ne2 Bxg3 16. Nxg3 Re6 17. Bf5 Rh6 18. Bxc8 Rxc8 19. b4 a6 20. a4 b5 21. a5 Ne6 22. Qf5 Nc7 23. Qe5 Re6 24. Qf4 Ne8 25. Nf5 Qf6 26. g4 g6 27. Ng3 Qxf4 28. exf4 Nd6 29. f5 gxf5 30. gxf5 Rf6 31. Rfe1 Nxf5 32. Nxf5 Rxf5 33. Re7 Rf4 34. Rd1 Rf3 35. Re3 Rxe3 36. fxe3 Re8 37. Kf2 Re6 38. Rg1+ Rg6 39. Rc1 Kf8 40. h4 Kg7 41. Kf3 Rf6+ 42. Kg4 Kf8 43. h5 Ke7 44. Kg5 h6+ 45. Kg4 Kd6 46. Kg3 Rf5 47. Rh1 Rf6 48. Rc1 Kd7 49. Kg2 Ke7 50. Kg3 Re6 51. Kf3 Rf6+ 52. Kg3 Kd6 53. Kg2 Rf5 54. Rh1 Rg5+ 55. Kf3 Kd7 56. Kf2 Rg4 57. Kf3 Rg8 58. Rc1 Kd6 59. Rh1 Ke7 60. Rc1 Rc8 61. Kf4 Ke6 62. Rc2 Kd6 63. Rg2 Re8 64. Rg7 Re4+ 65. Kf3 Rh4 66. Rxf7 Rxh5 67. Ke2 Rh2+ 68. Kd3 h5 69. Ra7 Rh1 70. Ke2 h4 71. Kf2 h3 72. Rh7 Rh2+ 73. Kf3 Rb2 74. Rh6+ Kd7 75. Rh7+ Ke8 76. Rxh3 Rxb4 77. Rh8+ Kd7 78. Ra8 Ra4 79. Rxa6 Kc7 80. Ra7+ Kb8 81. Ra6 Kb7 82. Rb6+ Kc7 83. Ra6 Ra3 84. Kf4 Rc3 85. Rb6 Rc1 86. Kf3 Ra1 87. Ra6 Ra4 88. Ke2 Ra3 89. Kf3 Ra2 90. Ra7+ Kb8 91. Ra6 Kc7 92. Ra7+ Kc8 93. Ra6 Rc2 94. Rb6 Kc7 95. Ra6 Ra2 96. Ra7+ Kd6 97. Ra6 Ra3 98. Ke2 b4 99. Rb6 b3 100. Kf3 Kd7 101. Kf4 Kc7 102. Kf3 Rxa5 103. Rxb3 Ra8 104. Ke2 Rh8 105. Kd3 1/2-1/2